000 01408cam a22003854i 4500
003 PE-LiUPU
005 20250731183357.0
008 150617s r 000 0 d
020 _a950220168X
035 _a(Sirsi) i9789502201689
040 _aPE-LiUPU
_bspa
_cPE-LiUPU
_erda
049 _aPRUA
082 0 4 _a780.5
_bB24
_221
100 1 _aBas, Julio,
_eautor.
245 1 0 _aTratado de la forma musical /
_cJulio Bas.
264 1 _aBuenos Aires :
_bRICORDI,
_c1947.
300 _a333 páginas pentagramas ;
_c23 centímetros
336 _atext
_2rdacontent
337 _aunmediated
_2rdamedia
338 _avolume
_2rdacarrier
505 0 _aRítmo y compás -- El período musical -- Forma de canción o de himno de estrofas iguales -- La suite -- Minué de tipo ternario y afines -- Forma de Sonata.
526 _aP158
526 _aP146
526 _aP17
526 _aP12
526 _aP06
650 0 4 _aMúsica.
910 _ajck
_bjvq
_cjck
_d20150616
942 _2ddc
_cBOOK
949 _a780.5 B24
_wDEWEY
_c1
_i24485
_lCCODEBUL1
_mBUL
_r0
_sY
_tBOOK
_u2015-6-17
_xEDUCACION
_zUNKNOWN
_0COMPRA
_o.STAFF. Colección General
994 _aC0
_bPEPRU
596 _a1
999 _a780.5 B24
_wDEWEY
_c19903
_i24485
_d19903
_f2021-11-5
_g5
_lCCODEBUL1
_mBUL
_q1
_r0
_sY
_tBOOK
_u2015-6-17
_xBIBLIOTECA
_zUNKNOWN
_0COMPRA
_o.STAFF. Colección General
980 _81
_gALBERTO SANCHEZ Responsable de Automatización